{"text_format":"3","workbook":"xls","n_sheets":3,"sheets":["Sheet1","Sheet2","Sheet3"],"read":"whole","date_system":"1900","formulas":"cached_only"}

{"sheet":"Sheet1","index":0,"n_rows":23,"n_cols":8,"rows_kept":23,"merged":[[0,0,0,7]],"flags":["formulas_cached_only"]}
["直播间设备清单及价格"]
["序号","名称","参数","规格型号","数量","单位","单价","总价"]
[1,"电脑","13代CPU、16G内存、512G SSD硬盘、4G独立显卡、22寸显示器，键盘，鼠标","清华同方E500",6,"台",6500,39000]
[2,"直播桌椅","1.6米桌、2把椅子","定做",6,"套",2000,12000]
[3,"直播声卡","外置声卡、手机电脑2用","艾肯",6,"套",1600,9600]
[4,"直播话筒","有线电容麦","舒尔",6,"套",1600,9600]
[5,"手机","12+256G以上","荣耀X60",6,"台",3000,18000]
[6,"手机稳定器","3轴","大疆",6,"套",1200,7200]
[7,"直播一体机","直播主机：\n15.6寸高清屏操作，手机远控/上传素材，手机无线传屏，全平台APP直播，虚拟直播场景真实展现，镜头旋转/镜像，支持镜头画面横竖旋转，单/双/三相机镜头模式，在直播时多个镜头机位可相互切换主屏或副屏。\n内置声卡声效快速增加直播氛围效果 声效可管理上传上传自定义声效，可同时支持3路直播推流\n直播快捷键、直播本地录像、提词器、书写批注等功能\n直播提词器：文本内容上传支持颜色/缩放/滚动播放等(提词仅主播可见)\n配套：键鼠一套。\n直播软件：\n全动态变焦-可自定义的摄像机位置预设。可配置的慢动作播放从5%到400%。内置内容为定制虚拟集10套。\n除多视图功能外，包括4个覆盖通道。每个叠加通道都可以有自己的过渡效果，位置和边框。摄像头/NDI输入通道数：1000个、分辨率：4K  4096*2160、叠加通道层数：4、支持2路同时录制、支持推流、支持全屏输出、大屏输出、支持外部输出与采集卡输出、支持字幕制作系统，内置动画标题，记分牌，记分板等、支持GT字幕制作高级版，支持自定义动画标题、支持列表播放、专业调色，色彩纠正、视频列表、支持2路视频通话、多通道录制、支持1路即时回放、两个外部输出 两个全屏输出 四个虚拟输出、支持添加脚本编辑、支持云台损像机的控制，推，拉，摇，移等。","西安群卓",6,"套",19000,114000]
[8,"导播切换器","无线导播，带视频采集","西安群卓",6,"套",6800,40800]
[9,"一拖二无线领夹麦","50米传输","小蜜蜂",6,"套",1500,9000]
[10,"直播摄像头","HDMI/USB接口 3倍变焦4K高清分辨率云台摄像头、带自动跟踪功能","西安群卓",12,"套",3800,45600]
[11,"三脚架","摄像头三脚架","国产",6,"套",1500,9000]
[12,"监听音箱","2.1声道","先科",6,"套",500,3000]
[13,"监听耳机",null,"国产",6,"台",100,600]
[14,"环形补光灯","18环形补光灯","中冠",6,"套",600,3600]
[15,"双色温柔光箱","2*300W柔光灯套装，含2*灯架*灯箱","中冠",6,"套",1500,9000]
[16,"背景绿幕","2*3米手动轴","中冠",6,"套",1000,6000]
[17,"直播间装修与布线","20平米左右装修与综合布线，要求全套采用环保材料，高标准吸音和隔音效果","西安群卓",6,"间",59000,354000]
[18,"直播间货架","定做","定做",6,"套",1800,10800]
[19,"无线路由器","6天线2000M","华为",6,"台",500,3000]
[20,"空调","1.5匹","海尔",6,"台",2500,15000]
[21,"合计",{"$nulls":5},718800]

{"sheet":"Sheet2","index":1,"n_rows":0,"n_cols":0,"rows_kept":0,"flags":["formulas_cached_only"]}

{"sheet":"Sheet3","index":2,"n_rows":0,"n_cols":0,"rows_kept":0,"flags":["formulas_cached_only"]}